El Montseny i el futur : estat i evolució dels sistemes naturals al parc natural del Montseny (Ecoauditoria, 1977 - 1995) estat i evolució dels sistemes naturals al parc natural del Montseny (Ecoauditoria, 1977 - 1995)
Descripción Física:
279 p. : amb map. ; 30 cm
Materias:
Parc Natural del Montseny (Catalunya)
MARC
| LEADER | 00000nam a2200000Ia 4500 | ||
|---|---|---|---|
| 001 | 12598 | ||
| 008 | 160829s1998 xx 000 0 cat d | ||
| 080 | |a C-1-55 | ||
| 245 | |a El Montseny i el futur : |b estat i evolució dels sistemes naturals al parc natural del Montseny (Ecoauditoria, 1977 - 1995) | ||
| 250 | |a 2a reimp. | ||
| 260 | |a Barcelona : |b Diputació de Barcelona. Servei de Parcs Naturals, |c 1998 | ||
| 300 | |a 279 p. : |b amb map. ; |c 30 cm | ||
| 610 | 0 | |a Parc Natural del Montseny (Catalunya) |9 10461 | |
| 710 | |a Barcelona (Catalunya : Província). |b Servei de Parcs Naturals |9 53492 | ||
| 901 | |a Arxiu | ||
| 942 | |n 1 | ||
| 952 | |0 0 |1 0 |4 0 |6 C155 |7 1 |9 48566 |a Arxiu |b Arxiu |d 2016-12-01 |l 0 |o C-1-55 |p 12598 |r 2016-12-01 00:00:00 |w 2016-12-01 |y ARXIU | ||
| 999 | |c 52396 |d 52396 | ||